01644nam a2200265Ia 4500003000400000005001700004008004100021020001800062040002100080041000800101082002300109100005300132245026200185250002200447260005500469300006000524505026600584520025200850650006001102650003901162650004301201650004201244700004501286700004701331OSt20200504114250.0191128s2017 ck ao gr 000 0 spa d a9789588944814 aCO-JMCRcCO-JMCR0 aspa04a305.5633 / bM543c1 aMeneses Bolaños, Wilder Jamith, einvestigador 0aCrecer como un río : bjornaliando cuesta arriba por vida digna, integración regional y desarrollo propio del Macizo Colombiano, Cauca, Nariño y Colombia /cWilder Jamith Meneses Bolaños, Camilo López Pérez, Víctor Hugo Buesaquillo [y otros 4] aPrimera edición aBogotá : bCentro de Memoria Histórica, c2017 a411 páginas : bilustraciones fotografía ; c23 cm. aEl Cima fue un río grande donde caímos todos los arroyitos del Macizo -- El Macizo vuelve a rugir -- Caminos y siembras en épocas de crisis y miedo -- Estrategias y alianzas para romper el cerco de violencia y el miedo --La resiembra en el macizo Colombia aRecordar los caminos recorridos en el Cima evoca alegría y tristeza. En el caminar del Cima se han vivido momentos que han sido tristes ; ha habido muertos como el asesinato de Enoc Samboní, señalamientos, amenazas, desplazamientos forzados.14aVíctimas de la violencia ySiglo XX zValle del Cauca24a Conflicto armadozValle del Cauca24aTenencia de la tierrazValle del Cauca24aDesarrollo regional zValle del Cauca1 aLópez Pérez, Camilo, e investigador1 aBuesaquillo, Víctor Hugo, einvestigador